For kids by kids: (Record no. 189792)
[ view plain ]
| 000 -LEADER | |
|---|---|
| fixed length control field | 00683nam a2200217 4500 |
| 005 - DATE AND TIME OF LATEST TRANSACTION | |
| control field | 20220713112355.0 |
| 010 ## - LCCN (DPL NO) | |
| LC control number | ENG-133490 |
| 020 ## - INTERNATIONAL STANDARD BOOK NUMBER | |
| International Standard Book Number | 9789390189397 |
| Terms of availability | 295.00 |
| 035 ## - SYSTEM CONTROL NUMBER | |
| System control number | EN-117022 |
| 037 ## - SOURCE OF ACQUISITION | |
| Source of stock number/acquisition | DBAD/PUB |
| 082 ## - DEWEY DECIMAL CLASSIFICATION NUMBER | |
| Classification number | s |
| 245 ## - TITLE STATEMENT | |
| Title | For kids by kids: |
| Remainder of title | Awards winning stories scholastic writing awards2020/ |
| Statement of responsibility, etc | Aditi Krishnakumar...[et al.] |
| 260 ## - PUBLICATION, DISTRIBUTION, ETC. (IMPRINT) | |
| Place of publication, distribution, etc | Gurgaon |
| Name of publisher, distributor, etc | Scholastic India Pvt. Ltd |
| Date of publication, distribution, etc | 2020 |
| 270 ## - ADDRESS | |
| Address | A-27,Ground Floor, Sigma Centre Infocity-1, Sector 34 |
| City | Gurgaon |
| Postal code | 122001 |
| 300 ## - PHYSICAL DESCRIPTION | |
| Extent | 123p |
| Dimensions | 18.9cm(pbk) |
| 700 ## - ADDED ENTRY--PERSONAL NAME | |
| Personal name | Krishnakumar, Aditi |
| 700 ## - ADDED ENTRY--PERSONAL NAME | |
| Personal name | Salamander, C G |
| 700 ## - ADDED ENTRY--PERSONAL NAME | |
| Personal name | Sorensen, Nalini |
| 700 ## - ADDED ENTRY--PERSONAL NAME | |
| Personal name | Raman, Rajee |
| 942 ## - ADDED ENTRY ELEMENTS (KOHA) | |
| Source of classification or shelving scheme | Dewey Decimal Classification |
| Item type | English Books |
| Classification part | S |
| Call number suffix | FOR |
| Withdrawn status | Lost status | Not for loan | Collection code | Home library | Current library | Date acquired | Source of acquisition | Cost, normal purchase price | Full call number | Barcode | Copy number | Cost, replacement price | Koha item type |
|---|---|---|---|---|---|---|---|---|---|---|---|---|---|
| Fiction | Ashok Vihar | Ashok Vihar | 13/07/2022 | DBAD/PUB | 295.00 | S FOR | EN-117022 | 1 | 295.00 | English Books |
